000 00321nam a2200133Ia 4500
008 231129s9999||||xx |||||||||||||| ||spa||
020 _a84-96412-17-2
040 _bspa
082 _a883.01 H766d
100 _aHomero
245 0 _aIliada
264 _aEl Tiempo
942 _2ddc
_cBKS
999 _c15578
_d15578